000
00321 a2200157 4500
001
59499
020
_a
9783191016739
040
_c
Anchieta - Pituba
100
_a
Specht, Franz
240
1
0
_a
Faust
_l
por
245
1
0
_a
Faust
300
_a
56
362
0
_a
2010
650
4
_a
Literatura juvenil em alemão
942
_c
BK
999
_c
59499
_d
59499